Startegický systém merania výkonnosti podniku Smurfit Kappa Obaly Štúrovo, a.s. prostredníctvom metódy Balanced Scorecard

Saved in:
Bibliographic Details
Main Author: Kozempelová, Lenka
Format: Book
Language:Slovak
Published: Bratislava STU FCHPT 2006
Online Access:View in OPAC
Tags: Add Tag
No Tags, Be the first to tag this record!

MARC

LEADER 00000nam a2200000 a 4500
005 20260127134012.0
008 060607 2006 xo 000 0 slo d
035 |a vtls008774572 
039 9 |y 200606201011  |z mschk03 
040 |a STUSCHK1  |b slo  |c STUSCHK1  |e AACR2 
100 1 |a Kozempelová, Lenka 
245 1 |a Startegický systém merania výkonnosti podniku Smurfit Kappa Obaly Štúrovo, a.s. prostredníctvom metódy Balanced Scorecard 
260 |a Bratislava  |b STU FCHPT  |c 2006 
300 |a 94 s.  |b obr.,tab.,grafy, lit. + CD-ROM 
500 |a Obháj.: 5.6. 2006 
500 |a Špec.: Manažment chemických a potravinárskych podnikov 
500 |a Oddelenie manažmentu 
910 |a SCHK95 
999 |c 1867  |d 1867